Statistical techniques in business & economics / (Record no. 49739)

MARC details
000 -LEADER
fixed length control field 01110cam a2200325 a 4500
001 - CONTROL NUMBER
control field 16511636
003 - CONTROL NUMBER IDENTIFIER
control field 0
005 - DATE AND TIME OF LATEST TRANSACTION
control field 20170330125630.0
008 - FIXED-LENGTH DATA ELEMENTS--GENERAL INFORMATION
fixed length control field 101021s2012 nyua 001 0 eng
010 ## - LIBRARY OF CONGRESS CONTROL NUMBER
LC control number 2010045058
020 ## - INTERNATIONAL STANDARD BOOK NUMBER
International Standard Book Number 9780073401805 (student ed. : alk. paper)
020 ## - INTERNATIONAL STANDARD BOOK NUMBER
International Standard Book Number 0073401803 (student ed. : alk. paper)
020 ## - INTERNATIONAL STANDARD BOOK NUMBER
International Standard Book Number 9780077327019 (instructor's ed. : alk. paper)
020 ## - INTERNATIONAL STANDARD BOOK NUMBER
International Standard Book Number 0077327012 (instructor's ed. : alk. paper)
040 ## - CATALOGING SOURCE
Transcribing agency SPU
050 00 - LIBRARY OF CONGRESS CALL NUMBER
Classification number HA29
Item number .M26 2012
100 1# - MAIN ENTRY--PERSONAL NAME
Personal name Lind, Douglas A.
245 10 - TITLE STATEMENT
Title Statistical techniques in business & economics /
Statement of responsibility, etc Douglas A. Lind, William G. Marchal, Samuel A. Wathen.
246 3# - VARYING FORM OF TITLE
Title proper/short title Statistical techniques in business and economics
250 ## - EDITION STATEMENT
Edition statement 15th ed.
260 ## - PUBLICATION, DISTRIBUTION, ETC. (IMPRINT)
Place of publication, distribution, etc New York, NY :
Name of publisher, distributor, etc McGraw-Hill/Irwin,
Date of publication, distribution, etc c2012.
300 ## - PHYSICAL DESCRIPTION
Extent xxix, 844 p. :
Other physical details col. ill. ;
Dimensions 28 cm.
500 ## - GENERAL NOTE
General note Includes index.
650 #0 - SUBJECT ADDED ENTRY--TOPICAL TERM
Topical term or geographic name as entry element Social sciences
General subdivision Statistical methods.
650 #0 - SUBJECT ADDED ENTRY--TOPICAL TERM
Topical term or geographic name as entry element Economics
General subdivision Statistical methods.
650 #0 - SUBJECT ADDED ENTRY--TOPICAL TERM
Topical term or geographic name as entry element Commercial statistics.
700 1# - ADDED ENTRY--PERSONAL NAME
Personal name Marchal, William G.
700 1# - ADDED ENTRY--PERSONAL NAME
Personal name Wathen, Samuel Adam.
942 ## - ADDED ENTRY ELEMENTS (KOHA)
Source of classification or shelving scheme Library of Congress Classification
Koha item type Book
Holdings
Withdrawn status Lost status Source of classification or shelving scheme Damaged status Not for loan Collection code Home library Current library Shelving location Date acquired Source of acquisition Cost, normal purchase price Total Checkouts Full call number Barcode Date checked out Copy number Price effective from Koha item type
    Library of Congress Classification     Non-fiction Nairobi Campus Nairobi Campus General Circulation 30/03/2017 Donation BFA 2000.00 4 HA29 .M26 2012 052308 19/07/2019 1 30/03/2017 Book